01674nam a22003734a 4500001001200000003000800012006001900020007001500039008004100054010001700095020002800112040002100140035002100161043001200182050002800194082003000222100002400252245015600276260006700432300001500499490003000514504004100544533015200585650005700737650006000794650006800854650005300922650005000975650005601025655002901081710001701110830004701127856012601174ebr10211496CaPaEBRm u cr cn|||||||||020919s2004 enk sb 000 0 eng  z 2002190876 z0754609804 (alk. paper) aCaPaEBRcCaPaEBR a(OCoLC)236346629 ae-uk-en14aHD6073.T42bG697 2004eb04a331.4/877/009426090342211 aSchwarzkopf, Jutta.10aUnpicking genderh[electronic resource] :bthe social construction of gender in the Lancashire cotton weaving industry, 1880-1914 /cJutta Schwarzkopf. aAldershot, Hants, England ;aBurlington, VT :bAshgate,c2004. axi, 228 p.1 aStudies in labour history aIncludes bibliographical references. aElectronic reproduction.bPalo Alto, Calif. :cebrary,d2013.nAvailable via World Wide Web.nAccess may be limited to ebrary affiliated libraries. 0aWomen textile workerszEnglandzLancashirexHistory. 0aSexual division of laborzEnglandzLancashirexHistory. 0aSex discrimination in employmentzEnglandzLancashirexHistory. 0aWomenxEmploymentzEnglandzLancashirexHistory. 0aCotton weavingzEnglandzLancashirexHistory. 0aIndustrial relationszEnglandzLancashirexHistory. 7aElectronic books.2local2 aebrary, Inc. 0aStudies in labour history (Ashgate (Firm))40uhttp://site.ebrary.com/lib/rucke/Doc?id=10211496zAn electronic book accessible through the World Wide Web; click to view